MARC

Tag First Indicator Second Indicator Subfields
LEADER 00000cam a2200000 a 4500
001 in00002478721
005 20211202185630.0
006 m d f
007 cr mn|||||||||
008 090303s1983 dcuab sb f000 0 eng c
035 |a (OCoLC)ocn311868446 
040 |a GPO  |c GPO  |d MvI  |d UtOrBLW 
042 |a pcc 
043 |a n-us--- 
049 |a WWW 
074 |a 0612-H (online) 
086 0 |a I 49.97:82(10.50) 
088 |a FWS/OBS-82/10.50 
100 1 |a Lewis, James C.,  |d 1936- 
245 1 0 |a Habitat suitability index models.  |p Roseate spoonbill /  |c by James C. Lewis ; project officer, Carroll Cordes ; performed for National Coastal Ecosystems Team, Division of Biological Services, Research and Development, Fish and Wildlife Service, U.S. Department of the Interior. 
246 3 0 |a Roseate spoonbill 
264 1 |a Washington, DC :  |b National Coastal Ecosystems, Division of Biological Services, Research and Development, Team Fish and Wildlife Service, U.S. Department of the Interior,  |c [1983] 
300 |a vi, 16 pages :  |b illustrations, map ;  |c 28 cm. 
336 |a text  |b txt  |2 rdacontent 
337 |a computer  |b c  |2 rdamedia 
338 |a online resource  |b cr  |2 rdacarrier 
538 |a Mode of access: Internet from USGS web site. Address as of 9/11/08: http://www.nwrc.usgs.gov/wdb/pub/hsi/hsi-050.pdf ; current access available via PURL. 
500 |a Title from title screen (viewed on Sept. 11, 2008). 
500 |a "September 1983." 
504 |a Includes bibliographical references (pages 15-16). 
500 |a "FWS/OBS-82/10.50." 
533 |a Electronic reproduction.  |b Lafayette, La. :  |c National Wetlands Research Center,  |d [200u?]. 
500 |a Electronic resource. 
650 0 |a Spoonbills. 
650 0 |a Habitat partitioning (Ecology)  |x Mathematical models. 
776 0 |a Lewis, James C.,  |d 1936-  |t Habitat suitability index models : roseate spoonbill  |h vi, 16 p.  |w (OCoLC)10579982 
710 2 |a National Coastal Ecosystems Team (U.S.) 
856 4 0 |u https://purl.fdlp.gov/GPO/LPS101960  |t 0 
999 |a MARS 
999 f f |s 8ffd658a-5453-370f-ad8f-660d11f51096  |i 1bc209bb-e9cd-33e3-b16a-9d5c0b732a27  |t 0 
952 f f |a Texas A&M University  |b College Station  |c Electronic Resources  |d Available Online  |t 0  |e I 49.97:82(10.50)  |h Superintendent of Documents classification 
998 f f |a I 49.97:82(10.50)  |t 0  |l Available Online